banner

Atlas de histología normal / (Registro nro. 832)

000 -LEADER
fixed length control field 01039nam a22002177 4500
003 - CONTROL NUMBER IDENTIFIER
control field AR-BaISA
005 - DATE AND TIME OF LATEST TRANSACTION
control field 20220404100902.0
007 - PHYSICAL DESCRIPTION FIXED FIELD--GENERAL INFORMATION
fixed length control field ta
008 - FIXED-LENGTH DATA ELEMENTS--GENERAL INFORMATION
fixed length control field 220404s2015 xxua|||f |||| 000 0 spa d
020 ## - INTERNATIONAL STANDARD BOOK NUMBER
International Standard Book Number 9789500208451
040 ## - CATALOGING SOURCE
Language of cataloging spa
Transcribing agency AR-BaISA
082 04 - DEWEY DECIMAL CLASSIFICATION NUMBER
Edition number 22
Classification number 611.018 D54
100 1# - MAIN ENTRY--PERSONAL NAME
9 (RLIN) 1967
Personal name Di Fiore, Mariano
245 10 - TITLE STATEMENT
Title Atlas de histología normal /
Remainder of title Mariano Di Fiore
250 ## - EDITION STATEMENT
Edition statement 8a. ed.
260 ## - PUBLICATION, DISTRIBUTION, ETC.
Place of publication, distribution, etc. Buenos Aires:
Name of publisher, distributor, etc. El Ateneo,
Date of publication, distribution, etc. 2015
300 ## - PHYSICAL DESCRIPTION
Extent 239 p.:
Other physical details il.
505 ## - FORMATTED CONTENTS NOTE
Title Célula --
-- Tejidos --
-- Tejido conectivo --
-- Tejido cartilaginoso --
-- Tejido óseo --
-- Osificación --
-- Médula ósea --
-- Sangre --
-- Tejido muscular --
-- Tejido nervioso --
-- Sistema cardiovascular --
-- Órganos linfáticos --
-- Aparato digestivo --
-- Aparato respiratorio --
-- Aparato urinario --
-- Aparato genital masculino --
-- Aparato genital femenino --
-- Piel --
-- Glándulas de secreción interna --
-- Sistema nervioso central --
-- Aparato visual --
-- Aparato auditivo
650 14 - SUBJECT ADDED ENTRY--TOPICAL TERM
9 (RLIN) 1061
Topical term or geographic name entry element Histología
Form subdivision atlas
942 ## - ADDED ENTRY ELEMENTS (KOHA)
Source of classification or shelving scheme
Koha item type Libros
Edition 22
Existencias
Withdrawn status Lost status Source of classification or shelving scheme Damaged status Not for loan Permanent Location Current Location Date acquired Inventory number Total Checkouts Full call number Barcode Date last seen Date last checked out Price effective from Koha item type
          Biblioteca ISALUD. Dr. Néstor Rodríguez Campoamor Biblioteca ISALUD. Dr. Néstor Rodríguez Campoamor 2022-04-04 2602 2 611.018 D54 2602 2023-06-16 2023-06-14 2022-04-04 Libros